000
00325 a2200157 4500
001
58672
020
_a
8526217372
040
_c
Anchieta - Pituba
100
_a
Ramos, Hugo de Carvalho
240
1
0
_a
Interior
_l
por
245
1
0
_a
Interior
300
_a
120
362
0
_a
1991
650
4
_a
Ficção brasileira
942
_c
BK
999
_c
58672
_d
58672